| 000 | 00752cam a22002295a 4500 | ||
|---|---|---|---|
| 001 | 17793536 | ||
| 005 | 20160908120330.0 | ||
| 008 | 130627t2013 enka fr 001 0 eng d | ||
| 020 | _a9781848003217 | ||
| 040 |
_aDLC _beng _cDLC _dEG-ScBUE |
||
| 082 | 0 | 4 |
_222 _a004.0151 _bMOL |
| 100 | 1 |
_aMoller, Faron, _d1962- _941092 |
|
| 245 | 1 | 0 |
_aModelling computing systems : _bmathematics for computer science / _cFaron Moller, Georg Struth. |
| 260 |
_aLondon : _bSpringer-Verlag, _cc.2013. |
||
| 300 |
_axvi, 500 p. : _bill. ; _c23 cm. |
||
| 490 | 0 | _aUndergraduate topics in computer science. | |
| 500 | _aIndex : p. [493]-500. | ||
| 650 | 7 |
_aComputer science _xMathematics. _2BUEsh _93550 |
|
| 651 | _2BUEsh | ||
| 653 |
_bCOMSCI _cSeptember2016 |
||
| 942 | _2ddc | ||
| 999 |
_c22346 _d22318 |
||